[Event "St Petersburg rapid"]
[Site "St Petersburg"]
[Date "2018.08.25"]
[Round "1"]
[White "Shakirova, Renata"]
[Black "Chigaev, Maksim"]
[Result "0-1"]
[WhiteElo "1930"]
[BlackElo "2577"]
[PlyCount "64"]
[EventDate "2018.08.25"]
[EventType "swiss (rapid)"]
[EventRounds "11"]
[EventCountry "RUS"]
[SourceTitle "CBM 186 Extra"]
[Source "ChessBase"]
[SourceDate "2018.08.24"]
[SourceVersion "1"]
[SourceVersionDate "2018.08.24"]
[SourceQuality "1"]

1. e4 g6 2. d4 Bg7 3. f4 d6 4. Nf3 Nf6 5. Nc3 0-0 6. Bd3 Nc6 7. 0-0 e5 8. d5 Nd4 9. fxe5 dxe5 10. Nxd4 exd4 11. Nb5 c6 12. dxc6 bxc6 13. Na3 Ng4 14. Nc4 Be6 15. h3 Ne5 16. Nxe5 Bxe5 17. b3 c5 18. Qe2 Qh4 19. Qf3 Rac8 20. Ba3 Bd6 21. Ba6 Rc7 22. Rad1 Be5 23. Bb2 h5 24. Rde1 Rb8 25. c3 Rb6 26. Be2 Bg4 27. Qd3 c4 28. Qd2 Qg3 29. Rf3 Qh2+ 30. Kf1 Bxf3 31. Bxf3 d3 32. Ba3 Bg3 0-1

[Event "St Petersburg-ch (Women)"]
[Site "St Petersburg"]
[Date "2018.03.26"]
[Round "8"]
[White "Titievskaya, Elizaveta"]
[Black "Shakirova, Renata"]
[Result "1/2-1/2"]
[WhiteElo "1809"]
[BlackElo "1923"]
[PlyCount "94"]
[EventDate "2018.03.19"]
[EventType "swiss"]
[EventRounds "9"]
[EventCountry "RUS"]
[SourceTitle "CBM 183 Extra"]
[Source "ChessBase"]
[SourceDate "2018.04.19"]
[SourceVersion "1"]
[SourceVersionDate "2018.04.19"]
[SourceQuality "1"]

1. e4 c5 2. Nf3 d6 3. d4 cxd4 4. Nxd4 Nf6 5. Nc3 Nc6 6. Bg5 e6 7. Qd2 a6 8. 0-0-0 Bd7 9. f4 Be7 10. Qe1 Nxd4 11. Rxd4 Qb6 12. Rd2 h6 13. Bh4 Rc8 14. e5 dxe5 15. fxe5 Ng8 16. Bxe7 Nxe7 17. Ne4 Rc7 18. Nd6+ Kf8 19. g4 Nd5 20. Bc4 Nf4 21. h4 f6 22. Bb3 Ke7 23. exf6+ gxf6 24. g5 fxg5 25. hxg5 Qa5 26. Nf7 Nd3+ 27. Rxd3 Qxe1+ 28. Rxe1 Kxf7 29. Rxd7+ Rxd7 30. Bxe6+ Ke7 31. Bxd7+ Kxd7 32. gxh6 Rxh6 33. a4 a5 34. Kd2 Kc6 35. Re3 Rh4 36. b3 b6 37. Kd3 Kd5 38. Rg3 Kc5 39. c3 Kd5 40. Rg5+ Kc6 41. Rg6+ Kc5 42. Re6 Rh3+ 43. Re3 Rh4 44. Re5+ Kc6 45. Re4 Rh5 46. b4 axb4 47. cxb4 Rh1 1/2-1/2

[Event "St Petersburg-ch (Women)"]
[Site "St Petersburg"]
[Date "2018.03.25"]
[Round "7"]
[White "Shakirova, Renata"]
[Black "Vorobyova, Ekaterina"]
[Result "1-0"]
[WhiteElo "1923"]
[BlackElo "1713"]
[PlyCount "99"]
[EventDate "2018.03.19"]
[EventType "swiss"]
[EventRounds "9"]
[EventCountry "RUS"]
[SourceTitle "CBM 183 Extra"]
[Source "ChessBase"]
[SourceDate "2018.04.19"]
[SourceVersion "1"]
[SourceVersionDate "2018.04.19"]
[SourceQuality "1"]

1. e4 e5 2. Nf3 Nc6 3. Bb5 a6 4. Ba4 Nf6 5. 0-0 Be7 6. Re1 b5 7. Bb3 0-0 8. a4 Bb7 9. d3 d6 10. Nbd2 Na5 11. Ba2 c5 12. Nf1 Nd7 13. Bd2 Nc6 14. Ne3 Nb6 15. a5 Nd7 16. h3 Bf6 17. Nh2 g6 18. Qg4 Bg7 19. Nf3 Nf6 20. Qh4 Nh5 21. Qg4 Nf6 22. Qg5 Nh5 23. Ng4 Qxg5 24. Bxg5 Nd8 25. Be7 Re8 26. Bxd6 Nc6 27. Bxc5 Nxa5 28. Ng5 Rec8 29. Bd6 h6 30. Nxf7 Kh7 31. c3 Nf4 32. Nfxe5 Bxe5 33. Nxe5 g5 34. g3 Nxh3+ 35. Kg2 g4 36. Nxg4 Ng5 37. Rh1 Rd8 38. Be5 Nc4 39. Rxh6+ Kg8 40. Rg6+ Kf8 41. Rxg5 Rxd3 42. Nf6 Nxe5 43. Rxe5 Kg7 44. Nh5+ Kf8 45. Nf4 Rd2 46. Rh1 Rxb2 47. Rf5+ Kg7 48. Rf7+ Kg8 49. Rxb7+ Rxa2 50. Ng6 1-0

[Event "St Petersburg-ch (Women)"]
[Site "St Petersburg"]
[Date "2018.03.22"]
[Round "4"]
[White "Azimova, Karina"]
[Black "Shakirova, Renata"]
[Result "0-1"]
[WhiteElo "2094"]
[BlackElo "1923"]
[PlyCount "56"]
[EventDate "2018.03.19"]
[EventType "swiss"]
[EventRounds "9"]
[EventCountry "RUS"]
[SourceTitle "CBM 183 Extra"]
[Source "ChessBase"]
[SourceDate "2018.04.19"]
[SourceVersion "1"]
[SourceVersionDate "2018.04.19"]
[SourceQuality "1"]

1. e4 c5 2. Nc3 Nc6 3. Nge2 d6 4. d4 cxd4 5. Nxd4 Nf6 6. Be2 e5 7. Nxc6 bxc6 8. 0-0 Be7 9. f4 Qb6+ 10. Kh1 Qd4 11. Bd3 d5 12. fxe5 Ng4 13. Qf3 Nxe5 14. Qf4 Nxd3 15. cxd3 Be6 16. Be3 Qb4 17. Qg3 d4 18. Qxg7 0-0-0 19. Bf4 Rhg8 20. Qxh7 dxc3 21. bxc3 Qb2 22. Rg1 Rxg2 23. Rab1 Qf2 24. Rb8+ Kd7 25. Rb7+ Ke8 26. Qh8+ Bf8 27. Qh5 Rg4 28. Bg3 Qf3+ 0-1

[Event "St Petersburg-ch (Women)"]
[Site "St Petersburg"]
[Date "2018.03.20"]
[Round "2"]
[White "Moskaleva, Arina"]
[Black "Shakirova, Renata"]
[Result "0-1"]
[WhiteElo "1769"]
[BlackElo "1923"]
[PlyCount "106"]
[EventDate "2018.03.19"]
[EventType "swiss"]
[EventRounds "9"]
[EventCountry "RUS"]
[SourceTitle "CBM 183 Extra"]
[Source "ChessBase"]
[SourceDate "2018.04.19"]
[SourceVersion "1"]
[SourceVersionDate "2018.04.19"]
[SourceQuality "1"]

1. e4 c5 2. Nf3 Nc6 3. d4 cxd4 4. Nxd4 e5 5. Nb5 d6 6. N1c3 a6 7. Na3 b5 8. Nd5 Nce7 9. c4 Nxd5 10. cxd5 Ne7 11. Bd3 g6 12. 0-0 Bg7 13. Nc2 0-0 14. a4 Bd7 15. a5 f5 16. Nb4 Kh8 17. f3 Ng8 18. Be3 Qh4 19. Qe2 Bh6 20. Rac1 Nf6 21. Bxh6 Qxh6 22. Rc2 fxe4 23. Bxe4 Nh5 24. Qf2 Nf4 25. Qb6 Rf6 26. Qb7 Rd8 27. Nc6 Bc8 28. Qb6 Rdf8 29. Ne7 Bf5 30. Bxf5 gxf5 31. Qxa6 Qg7 32. g3 Rh6 33. Nxf5 Nh3+ 34. Kg2 Rxf5 35. Rc8+ Rf8 36. Rxf8+ Qxf8 37. Rc1 Kg7 38. Qxb5 Ng5 39. Qd3 Rf6 40. Rf1 Qc8 41. a6 Rf7 42. f4 Qh3+ 43. Kg1 exf4 44. a7 f3 45. Qd4+ Kg6 46. Rf2 Qc8 47. Qd3+ Kh5 48. Qf1 Rxa7 49. Rxf3 Nxf3+ 50. Qxf3+ Qg4 51. Qe3 Rf7 52. Qe8 Qd1+ 53. Kg2 Qf1# 0-1

[Event "Moscow op-B (Women) 14th"]
[Site "Moscow"]
[Date "2018.02.04"]
[Round "9"]
[White "Shakirova, Renata"]
[Black "Salakhova, Adelya"]
[Result "1/2-1/2"]
[WhiteElo "1994"]
[BlackElo "1696"]
[PlyCount "84"]
[EventDate "2018.01.27"]
[EventType "swiss"]
[EventRounds "9"]
[EventCountry "RUS"]
[SourceTitle "CBM 182 Extra"]
[Source "ChessBase"]
[SourceDate "2018.02.23"]
[SourceVersion "1"]
[SourceVersionDate "2018.02.23"]
[SourceQuality "1"]

1. e4 d6 2. d4 Nf6 3. Nc3 e5 4. Nf3 Nbd7 5. Bc4 Be7 6. Bg5 c6 7. Bb3 0-0 8. 0-0 b5 9. a3 a6 10. Re1 Qc7 11. Na2 Bb7 12. c4 Rfe8 13. Nc3 Qb6 14. cxb5 axb5 15. dxe5 Nxe5 16. Nd4 g6 17. h3 Nfd7 18. Bxe7 Rxe7 19. Nf3 Nxf3+ 20. Qxf3 Nc5 21. Ba2 Ne6 22. Rad1 Qc5 23. Qf6 Rae8 24. Re3 Qe5 25. Qh4 Rd7 26. Rd2 Kg7 27. Ne2 Qg5 28. Qxg5 Nxg5 29. Nc3 f5 30. Red3 Nxe4 31. Nxe4 Rxe4 32. Rxd6 Rxd6 33. Rxd6 Re7 34. f3 Rc7 35. b4 Kh6 36. Be6 Bc8 37. Bg8 f4 38. Kf2 Kg5 39. Rd3 h5 40. Rc3 Kh4 41. Bd5 Bd7 42. Be4 g5 1/2-1/2

[Event "Moscow op-B (Women) 14th"]
[Site "Moscow"]
[Date "2018.01.31"]
[Round "5"]
[White "Smbatyan, Qristine"]
[Black "Shakirova, Renata"]
[Result "1-0"]
[WhiteElo "1605"]
[BlackElo "1994"]
[PlyCount "63"]
[EventDate "2018.01.27"]
[EventType "swiss"]
[EventRounds "9"]
[EventCountry "RUS"]
[SourceTitle "CBM 182 Extra"]
[Source "ChessBase"]
[SourceDate "2018.02.23"]
[SourceVersion "1"]
[SourceVersionDate "2018.02.23"]
[SourceQuality "1"]

1. e4 c5 2. Nc3 Nc6 3. g3 g6 4. Bg2 Bg7 5. d3 d6 6. Be3 e5 7. Nge2 Be6 8. 0-0 Nge7 9. Nd5 f6 10. f4 Nd4 11. fxe5 Nxd5 12. exd5 Bg4 13. Bxd4 cxd4 14. exd6 Qxd6 15. Qd2 Bxe2 16. Qxe2+ Kf7 17. Qf2 Rac8 18. Rae1 Rhe8 19. Bh3 Rxe1 20. Rxe1 Rc7 21. Be6+ Kf8 22. g4 b6 23. h4 Re7 24. h5 gxh5 25. g5 Rc7 26. gxf6 Bh6 27. Qg2 Rf7 28. Bxf7 Kxf7 29. Qf3 Be3+ 30. Kh1 Qe5 31. Rf1 h6 32. Qe4 1-0

[Event "Moscow op-B (Women) 14th"]
[Site "Moscow"]
[Date "2018.01.29"]
[Round "3"]
[White "Terentieva, Alena"]
[Black "Shakirova, Renata"]
[Result "1/2-1/2"]
[WhiteElo "1787"]
[BlackElo "1994"]
[PlyCount "127"]
[EventDate "2018.01.27"]
[EventType "swiss"]
[EventRounds "9"]
[EventCountry "RUS"]
[SourceTitle "CBM 182 Extra"]
[Source "ChessBase"]
[SourceDate "2018.02.23"]
[SourceVersion "1"]
[SourceVersionDate "2018.02.23"]
[SourceQuality "1"]

1. e4 c5 2. c3 d5 3. exd5 Qxd5 4. Nf3 Nf6 5. d4 e6 6. dxc5 Qxd1+ 7. Kxd1 Bxc5 8. Be3 Bxe3 9. fxe3 Nc6 10. Bd3 0-0 11. Ke2 e5 12. Nbd2 a6 13. Ne4 Ne8 14. h3 f5 15. Bc4+ Kh8 16. Nf2 Nd6 17. Bb3 e4 18. Nd4 Ne5 19. Rhf1 Bd7 20. Rg1 Rae8 21. g4 f4 22. exf4 Rxf4 23. Raf1 Nb5 24. Ke3 Ref8 25. Ne6 Bxe6 26. Bxe6 Nd6 27. Ke2 Nf3 28. Rg2 Ng5 29. Bd5 Nxh3 30. Rh2 Ng5 31. Rfh1 g6 32. Nh3 Nxh3 33. Rxh3 Kg7 34. Rxh7+ Kf6 35. c4 Kg5 36. R1h2 Rxg4 37. a4 Nf5 38. Rf7 Re8 39. c5 Rd8 40. Bxb7 e3 41. Rxf5+ gxf5 42. Kxe3 Rc4 43. Rg2+ Kf6 44. Rd2 Re8+ 45. Kf3 Rxc5 46. Bxa6 Rh8 47. Kg3 Kg5 48. Bb5 Rh4 49. b3 Rc3+ 50. Rd3 f4+ 51. Kf3 Rh3+ 52. Ke4 Rhxd3 53. Bxd3 Rxb3 54. a5 Kg4 55. a6 Ra3 56. Bf1 Kg3 57. Kd5 Ra1 58. Bc4 f3 59. Kc5 f2 60. Kb6 Rb1+ 61. Ka5 Kf4 62. a7 Ke5 63. Ka6 Kd4 64. Be2 1/2-1/2

[Event "Chigorin Memorial 25th"]
[Site "St Petersburg"]
[Date "2017.10.27"]
[Round "7"]
[White "Stukan, Martin"]
[Black "Shakirova, Renata"]
[Result "1-0"]
[WhiteElo "2215"]
[BlackElo "2004"]
[PlyCount "63"]
[EventDate "2017.10.21"]
[EventType "swiss"]
[EventRounds "9"]
[EventCountry "RUS"]
[SourceTitle "CBM 181 Extra"]
[Source "ChessBase"]
[SourceDate "2017.12.12"]
[SourceVersion "1"]
[SourceVersionDate "2017.12.12"]
[SourceQuality "1"]

1. e4 c5 2. Nf3 Nc6 3. d4 cxd4 4. Nxd4 e5 5. Nb5 d6 6. a4 a6 7. N5c3 f5 8. Nd5 Nge7 9. Nbc3 Nd4 10. Bc4 Be6 11. Be3 Nec6 12. exf5 Bxf5 13. 0-0 Rc8 14. Rc1 Nb4 15. Bxd4 Rxc4 16. Bb6 Qh4 17. Ne3 Bg4 18. f3 Rc6 19. fxg4 Rxb6 20. Qf3 Qf6 21. Qe4 Qg6 22. Qc4 Kd8 23. Rcd1 a5 24. Ncd5 Nxd5 25. Nxd5 Rc6 26. Qb5 Rxc2 27. Qxb7 h5 28. Rxf8+ Rxf8 29. Qe7+ Kc8 30. Qxf8+ Kb7 31. Qe7+ Kb8 32. Qd8+ 1-0

[Event "Chigorin Memorial 25th"]
[Site "St Petersburg"]
[Date "2017.10.25"]
[Round "5"]
[White "Astakhov, Dmitrii"]
[Black "Shakirova, Renata"]
[Result "0-1"]
[WhiteElo "1490"]
[BlackElo "2004"]
[PlyCount "104"]
[EventDate "2017.10.21"]
[EventType "swiss"]
[EventRounds "9"]
[EventCountry "RUS"]
[SourceTitle "CBM 181 Extra"]
[Source "ChessBase"]
[SourceDate "2017.12.12"]
[SourceVersion "1"]
[SourceVersionDate "2017.12.12"]
[SourceQuality "1"]

1. d4 Nf6 2. c4 e6 3. Nc3 Bb4 4. e3 0-0 5. Nge2 d5 6. a3 Be7 7. cxd5 exd5 8. g3 Bg4 9. Bg2 c6 10. 0-0 Qc8 11. b4 Nbd7 12. Qb3 Nb6 13. Nf4 a6 14. Nb1 Bd6 15. Nd3 Bh3 16. Nd2 Re8 17. Bb2 Qf5 18. Nc5 Rab8 19. Qd3 Qh5 20. a4 Ng4 21. Nf3 Nc4 22. Bc3 Bxg2 23. Kxg2 b6 24. Nb3 Re6 25. Nbd2 Ncxe3+ 26. fxe3 Rxe3 27. Qxa6 Rxc3 28. Qa7 Re8 29. Rfe1 Ne3+ 30. Kf2 Qh3 31. Qxf7+ Kxf7 32. Ng5+ Kg8 33. Nxh3 Rf8+ 34. Kg1 Nc2 35. Rac1 Bxb4 36. Nb1 Rcf3 37. Red1 Ne3 38. Ng5 Rf2 39. Nh3 Nxd1 40. Nxf2 Nxf2 41. Rxc6 Nd1 42. Re6 Rf6 43. Re2 Nc3 44. Re1 Nxa4 45. Re5 Rc6 46. Re8+ Kf7 47. Ra8 b5 48. Rb8 Rc1+ 49. Kg2 Rxb1 50. Rxb5 Nc3 51. Rb7+ Be7 52. Rc7 Ne4 0-1

[Event "Chigorin Memorial 25th"]
[Site "St Petersburg"]
[Date "2017.10.21"]
[Round "1"]
[White "Oganian, Miran"]
[Black "Shakirova, Renata"]
[Result "1-0"]
[WhiteElo "2454"]
[BlackElo "2004"]
[PlyCount "99"]
[EventDate "2017.10.21"]
[EventType "swiss"]
[EventRounds "9"]
[EventCountry "RUS"]
[SourceTitle "CBM 181 Extra"]
[Source "ChessBase"]
[SourceDate "2017.12.12"]
[SourceVersion "1"]
[SourceVersionDate "2017.12.12"]
[SourceQuality "1"]

1. d4 Nf6 2. c4 e6 3. g3 d5 4. Nf3 Be7 5. Bg2 0-0 6. 0-0 dxc4 7. Qc2 a6 8. Qxc4 b5 9. Qc2 Bb7 10. Bd2 Be4 11. Qc1 b4 12. Bg5 Nbd7 13. Nbd2 Bb7 14. Nb3 a5 15. Rd1 h6 16. Bxf6 Nxf6 17. Nc5 Bd5 18. Ne5 Bxg2 19. Kxg2 Qd5+ 20. f3 Bxc5 21. Qxc5 Qxc5 22. dxc5 Rfd8 23. e4 Kf8 24. Kf2 Ke8 25. Ke3 Rdb8 26. g4 Rb5 27. Rac1 a4 28. Rc4 b3 29. a3 Ng8 30. Nc6 Ne7 31. Rxa4 Nxc6 32. Rxa8+ Ke7 33. Rc1 Ne5 34. Ra4 Nc6 35. Rac4 e5 36. Rd1 Ke6 37. h4 g6 38. Rd3 Na5 39. Rcc3 f6 40. Rd8 c6 41. Ra8 Nb7 42. Ra6 Nd8 43. Rb6 Ra5 44. Rbxb3 f5 45. Rb8 Nf7 46. b4 Ra7 47. Rd3 fxg4 48. fxg4 h5 49. g5 Ke7 50. Rg8 1-0

[Event "St Petersburg-ch (Women)"]
[Site "St Petersburg"]
[Date "2017.03.21"]
[Round "4"]
[White "Shakirova, Renata"]
[Black "Tskhadadze, Anna"]
[Result "1/2-1/2"]
[WhiteElo "2014"]
[BlackElo "2069"]
[PlyCount "111"]
[EventDate "2017.03.18"]
[EventType "tourn"]
[EventRounds "9"]
[EventCountry "RUS"]
[SourceTitle "EXT 2018"]
[Source "ChessBase"]
[SourceDate "2017.10.13"]
[SourceVersion "1"]
[SourceVersionDate "2017.10.13"]
[SourceQuality "1"]

1. e4 e6 2. d4 d5 3. Nc3 dxe4 4. Nxe4 Bd7 5. Nf3 Bc6 6. Bd3 Nd7 7. 0-0 Ngf6 8. Ned2 Be7 9. c4 0-0 10. Re1 Bxf3 11. Nxf3 c5 12. Bc2 cxd4 13. Nxd4 Qc7 14. Qe2 Bc5 15. Be3 a6 16. a3 Rac8 17. Rac1 Rfd8 18. b4 Bd6 19. h3 Kh8 20. Bb1 Bf4 21. Nb3 Bxe3 22. Qxe3 Qb6 23. Qf3 Qc7 24. c5 Ne5 25. Qg3 Nc6 26. Qh4 Rd5 27. Rc3 Rcd8 28. Bc2 Rh5 29. Qc4 Ne5 30. Qe2 Neg4 31. Rg3 Re5 32. Qf1 Rxe1 33. Qxe1 Ne5 34. Qe2 g6 35. Na5 Rd5 36. Bb3 Rd4 37. Re3 Nfd7 38. Qb2 Rh4 39. g3 Rxh3 40. f4 b6 41. c6 Kg8 42. cxd7 Qxd7 43. fxe5 bxa5 44. Qg2 Qd4 45. Qf2 axb4 46. axb4 Qa1+ 47. Re1 Qc3 48. Kg2 Rh5 49. Re3 Qc6+ 50. Qf3 Qc1 51. Bd1 Qd2+ 52. Qe2 Qd5+ 53. Qf3 Qd2+ 54. Be2 Qc1 55. Bd1 Qd2+ 56. Be2 1/2-1/2

[Event "St Petersburg-ch (Women)"]
[Site "St Petersburg"]
[Date "2017.03.18"]
[Round "1"]
[White "Belenkaya, Dina"]
[Black "Shakirova, Renata"]
[Result "1/2-1/2"]
[WhiteElo "2338"]
[BlackElo "2014"]
[PlyCount "101"]
[EventDate "2017.03.18"]
[EventType "tourn"]
[EventRounds "9"]
[EventCountry "RUS"]
[SourceTitle "EXT 2018"]
[Source "ChessBase"]
[SourceDate "2017.10.13"]
[SourceVersion "1"]
[SourceVersionDate "2017.10.13"]
[SourceQuality "1"]

1. e4 c5 2. Nf3 d6 3. Bb5+ Bd7 4. Bxd7+ Qxd7 5. 0-0 Nf6 6. Qe2 Nc6 7. c3 e6 8. d4 cxd4 9. cxd4 d5 10. e5 Ne4 11. Be3 Be7 12. Ne1 f6 13. f3 Ng5 14. Nd3 Nf7 15. f4 0-0 16. Nd2 Nh6 17. Nf3 b6 18. Rad1 Qe8 19. Bd2 f5 20. b4 a5 21. b5 Nb4 22. Bxb4 axb4 23. Ng5 Qd7 24. Rb1 Ra4 25. Qc2 b3 26. Rxb3 Rc8 27. Qb2 Nf7 28. Nf3 Rca8 29. Nc1 Ba3 30. Qc2 Rc4 31. Qb1 Nd8 32. Ne2 Qc7 33. Qd3 Be7 34. Nd2 Rca4 35. Rc1 Qa7 36. Nc3 Rxd4 37. Qe3 Bc5 38. Kh1 Re4 39. Qf3 Re3 40. Qh5 g6 41. Qh4 d4 42. Nd1 Re2 43. Rc2 Be7 44. Qg3 Qa5 45. Rd3 Qxb5 46. h4 Bxh4 47. Qxh4 Qxd3 48. Rc7 Nf7 49. Rxf7 Kxf7 50. Qf6+ Kg8 51. Qxe6+ 1/2-1/2

[Event "St Petersburg-ch (Women)"]
[Site "St Petersburg"]
[Date "2016.03.23"]
[Round "4"]
[White "Shakirova, Renata"]
[Black "Balaian, Alina"]
[Result "0-1"]
[WhiteElo "1924"]
[BlackElo "2248"]
[PlyCount "70"]
[EventDate "2016.03.20"]
[EventType "swiss"]
[EventRounds "9"]
[EventCountry "RUS"]
[SourceTitle "CBM 171 Extra"]
[Source "ChessBase"]
[SourceDate "2016.04.26"]
[SourceVersion "1"]
[SourceVersionDate "2016.04.26"]
[SourceQuality "1"]

1. e4 e6 2. d4 d5 3. Nc3 Bb4 4. e5 c5 5. Bd2 Ne7 6. Nb5 Bxd2+ 7. Qxd2 0-0 8. f4 Bd7 9. Nd6 cxd4 10. Nf3 Qc7 11. Bd3 a6 12. 0-0 f6 13. Kh1 Nbc6 14. Qe1 g6 15. Qh4 Kg7 16. g4 Ng8 17. Qg3 Qb6 18. a3 Rad8 19. h4 Nge7 20. h5 Nc8 21. Nxc8 Bxc8 22. Qh4 fxe5 23. fxe5 Qc7 24. hxg6 hxg6 25. Bxg6 Kxg6 26. Qg5+ Kh7 27. Kg2 Qg7 28. Rh1+ Kg8 29. Qh5 Rf5 30. Qh4 Rf4 31. Kg3 Rdf8 32. Nh2 Qxe5 33. Rae1 Re4+ 34. Kh3 Re3+ 35. Kg2 Qe4+ 0-1

[Event "Chigorin Memorial 23rd"]
[Site "St Petersburg"]
[Date "2015.10.09"]
[Round "7"]
[White "Shakirova, Renata"]
[Black "Lemeshev, Roman"]
[Result "1-0"]
[WhiteElo "1932"]
[BlackElo "1763"]
[PlyCount "37"]
[EventDate "2015.10.03"]
[EventType "swiss"]
[EventRounds "9"]
[EventCountry "RUS"]
[SourceTitle "CBM 168 Extra"]
[Source "ChessBase"]
[SourceDate "2015.10.29"]
[SourceVersion "1"]
[SourceVersionDate "2015.10.29"]
[SourceQuality "1"]

1. e4 e5 2. Nf3 Nc6 3. Bb5 a6 4. Ba4 g6 5. d3 Bg7 6. Nc3 Nge7 7. Bg5 h6 8. Bd2 0-0 9. Bb3 Kh7 10. h4 d6 11. h5 g5 12. Bxg5 hxg5 13. Nxg5+ Kg8 14. h6 Bxh6 15. Rxh6 d5 16. Qh5 Kg7 17. Rh7+ Kf6 18. Qh6+ Ng6 19. Nxd5+ 1-0

[Event "Heart of Finland op 25th"]
[Site "Jyvaskyla"]
[Date "2015.07.16"]
[Round "5"]
[White "Chernyak, Viktoria"]
[Black "Shakirova, Renata"]
[Result "1-0"]
[WhiteElo "2184"]
[BlackElo "1809"]
[PlyCount "69"]
[EventDate "2015.07.13"]
[EventType "swiss"]
[EventRounds "9"]
[EventCountry "FIN"]
[SourceTitle "CBM 167 Extra"]
[Source "ChessBase"]
[SourceDate "2015.09.14"]
[SourceVersion "1"]
[SourceVersionDate "2015.09.14"]
[SourceQuality "1"]

1. c4 Nf6 2. Nf3 e6 3. g3 c5 4. Bg2 d5 5. cxd5 Nxd5 6. Nc3 Be7 7. 0-0 Nc6 8. d4 Nxc3 9. bxc3 0-0 10. e4 b6 11. Re1 Bb7 12. Bf4 Na5 13. Qe2 Qc8 14. Nd2 Rd8 15. d5 exd5 16. exd5 Bd6 17. Bxd6 Rxd6 18. c4 Ba6 19. Rac1 Rd8 20. Qd3 Nc6 21. Nf3 h6 22. Qe3 Na5 23. Ne5 Qf5 24. Be4 Qf6 25. Bd3 Qd6 26. Qe4 g6 27. Qf4 Qf8 28. Ng4 h5 29. Nf6+ Kh8 30. Re5 Nc6 31. Nxh5 Nxe5 32. Qxe5+ f6 33. Nxf6 Qg7 34. Qg5 Qe7 35. Qh6+ 1-0

[Event "St Petersburg-ch (Women)"]
[Site "St Petersburg"]
[Date "2015.03.31"]
[Round "9"]
[White "Shakirova, Renata"]
[Black "Tskhadadze, Anna"]
[Result "1-0"]
[WhiteElo "1995"]
[BlackElo "1885"]
[PlyCount "97"]
[EventDate "2015.03.23"]
[EventType "swiss"]
[EventRounds "9"]
[EventCountry "RUS"]
[SourceTitle "CBM 165 Extra"]
[Source "ChessBase"]
[SourceDate "2015.04.21"]
[SourceVersion "1"]
[SourceVersionDate "2015.04.21"]
[SourceQuality "1"]

1. e4 d5 2. exd5 Qxd5 3. Nc3 Qd8 4. d4 c6 5. Bc4 b5 6. Bb3 e6 7. Nf3 Nf6 8. Ne5 Bd6 9. 0-0 a5 10. a3 Qc7 11. Re1 0-0 12. Qf3 Bb7 13. Qh3 b4 14. axb4 axb4 15. Rxa8 Bxa8 16. Na4 Bxe5 17. dxe5 Nd5 18. c3 Nd7 19. Bc2 g6 20. Qg3 c5 21. h4 Ne7 22. Qg5 f6 23. exf6 Rxf6 24. Qg4 h5 25. Qg5 Qc6 26. f3 Qc7 27. Be3 Kf7 28. Nxc5 Ne5 29. Bd4 Nxf3+ 30. gxf3 Rxf3 31. Rf1 Qc6 32. Be4 Rxf1+ 33. Kxf1 Qb5+ 34. Bd3 Qc6 35. Qf6+ Ke8 36. Bxg6+ Nxg6 37. Qxg6+ Ke7 38. Qf6+ Ke8 39. Qxe6+ Qxe6 40. Nxe6 bxc3 41. bxc3 Kd7 42. Nf4 Bf3 43. Kf2 Bg4 44. Ke3 Kd6 45. c4 Bd1 46. c5+ Kc6 47. Ke4 Bg4 48. Ke5 Bf3 49. Kf5 1-0

[Event "St Petersburg-ch (Women)"]
[Site "St Petersburg"]
[Date "2015.03.26"]
[Round "4"]
[White "Shakirova, Renata"]
[Black "Andreeva, Yuliya"]
[Result "0-1"]
[WhiteElo "1995"]
[BlackElo "1960"]
[PlyCount "88"]
[EventDate "2015.03.23"]
[EventType "swiss"]
[EventRounds "9"]
[EventCountry "RUS"]
[SourceTitle "CBM 165 Extra"]
[Source "ChessBase"]
[SourceDate "2015.04.21"]
[SourceVersion "1"]
[SourceVersionDate "2015.04.21"]
[SourceQuality "1"]

1. e4 c5 2. Nf3 Nc6 3. d4 cxd4 4. Nxd4 Qb6 5. Nb3 e6 6. Nc3 Nf6 7. a3 Be7 8. Be3 Qc7 9. Be2 a6 10. 0-0 b5 11. f4 d6 12. Bf3 Bb7 13. Qd2 0-0 14. g4 Nd7 15. Qf2 Bf6 16. g5 Bxc3 17. bxc3 Ne7 18. Rfd1 d5 19. exd5 Bxd5 20. Bg4 Qxc3 21. Bd4 Qc7 22. Rd2 f6 23. Qe3 f5 24. Bh5 Rac8 25. Re1 Qd6 26. Bb2 Qb6 27. Nd4 Be4 28. Kf1 Nd5 29. Qg3 Qd6 30. Rf2 Nc5 31. g6 h6 32. Nf3 Na4 33. Be5 Qxa3 34. Qh4 Qe7 35. Qh3 Nab6 36. Nd4 Rc3 37. Bf3 Re3 38. Rxe3 Nxe3+ 39. Ke2 Bxf3+ 40. Kxe3 Bg4 41. Qg2 Nd5+ 42. Kd2 Qb4+ 43. Kc1 Qa3+ 44. Kd2 Qe3# 0-1

[Event "St Petersburg-ch (Women)"]
[Site "St Petersburg"]
[Date "2015.03.25"]
[Round "3"]
[White "Azimova, Karina"]
[Black "Shakirova, Renata"]
[Result "1-0"]
[WhiteElo "2062"]
[BlackElo "1995"]
[PlyCount "121"]
[EventDate "2015.03.23"]
[EventType "swiss"]
[EventRounds "9"]
[EventCountry "RUS"]
[SourceTitle "CBM 165 Extra"]
[Source "ChessBase"]
[SourceDate "2015.04.21"]
[SourceVersion "1"]
[SourceVersionDate "2015.04.21"]
[SourceQuality "1"]

1. e4 c5 2. c3 d5 3. exd5 Qxd5 4. d4 Nf6 5. Nf3 Bg4 6. dxc5 Qxd1+ 7. Kxd1 Nc6 8. h3 0-0-0+ 9. Ke1 Bh5 10. Be2 e6 11. b4 Bxf3 12. Bxf3 Ne5 13. Be2 Ne4 14. Bf4 Nd3+ 15. Bxd3 Rxd3 16. Ke2 Rd7 17. f3 Nf6 18. Na3 Nd5 19. Bd2 Be7 20. Nc4 Bf6 21. Rac1 Kb8 22. a4 e5 23. Nd6 b6 24. Ne4 Be7 25. c4 Nf4+ 26. Bxf4 exf4 27. cxb6 axb6 28. Rhd1 Rhd8 29. Rxd7 Rxd7 30. c5 Ra7 31. Ra1 bxc5 32. Nxc5 Bxc5 33. bxc5 Ra5 34. Rb1+ Kc7 35. Rb4 Rxc5 36. Kd3 Rg5 37. Rxf4 Rxg2 38. Rg4 Rh2 39. Rxg7 Rxh3 40. Rxf7+ Kb6 41. Ke4 Rh1 42. Rf5 h5 43. a5+ Ka6 44. Kf4 Rh3 45. Kg5 Rh1 46. f4 h4 47. Kg4 Rh2 48. Rh5 Rh1 49. Rxh4 Rg1+ 50. Kf5 Kxa5 51. Rh8 Kb6 52. Rc8 Rg2 53. Kf6 Rg1 54. f5 Rg2 55. Kf7 Rg1 56. f6 Rg2 57. Kf8 Rg3 58. f7 Rg1 59. Ke7 Re1+ 60. Kd6 Rd1+ 61. Ke5 1-0

[Event "St Petersburg-ch (Women)"]
[Site "St Petersburg"]
[Date "2015.03.24"]
[Round "2"]
[White "Katyshkina, Anastasia"]
[Black "Shakirova, Renata"]
[Result "1-0"]
[WhiteElo "1940"]
[BlackElo "1995"]
[PlyCount "89"]
[EventDate "2015.03.23"]
[EventType "swiss"]
[EventRounds "9"]
[EventCountry "RUS"]
[SourceTitle "CBM 165 Extra"]
[Source "ChessBase"]
[SourceDate "2015.04.21"]
[SourceVersion "1"]
[SourceVersionDate "2015.04.21"]
[SourceQuality "1"]

1. e4 c5 2. a3 Nc6 3. b4 cxb4 4. axb4 Nxb4 5. c3 Nc6 6. d4 d5 7. exd5 Qxd5 8. Na3 Nf6 9. Nb5 Qe4+ 10. Be2 Nd5 11. Nf3 Rb8 12. Ng5 Qf5 13. Bd3 Qd7 14. Qf3 e6 15. 0-0 a6 16. Na3 h6 17. Ne4 b5 18. Qg3 f5 19. Nc5 Bxc5 20. dxc5 Kf7 21. c4 bxc4 22. Nxc4 g5 23. h4 f4 24. Qf3 Ke7 25. Qh5 Nf6 26. Qe2 Nd4 27. Qe5 Bb7 28. Nd6 Nc6 29. Qe2 Nb4 30. Bc4 Bd5 31. Bxa6 Nxa6 32. Rxa6 Ra8 33. Bb2 Rxa6 34. Qxa6 Ra8 35. Qd3 Rg8 36. Qd4 Ne8 37. Re1 Kd8 38. Nxe8 Kxe8 39. h5 Qb7 40. Bc3 Qc6 41. Rb1 Kd7 42. Rb6 Qa8 43. Qf6 Qf8 44. Qd4 Qf5 45. Qa4+ 1-0